[Event "EST-ch"]
[Site "Tallinn"]
[Date "1999.05.07"]
[Round "7"]
[White "Svirjov, Igor"]
[Black "Schuls, Olev"]
[Result "1-0"]
[WhiteElo "2346"]
[BlackElo "2200"]

1.d4 Nf6 2.Nf3 e6 3.c4 b6 4.Nc3 Bb4 5.Qb3 a5 6.a3 Bxc3+ 7.Qxc3 Bb7 8.b3 d6
9.Bb2 Nbd7 10.e3 O-O 11.Be2 Ne4 12.Qc2 f5 13.O-O Ndf6 14.b4 g5 15.d5 e5 16.Ne1 g4
17.f3 Ng5 18.f4 exf4 19.exf4 Nge4 20.g3 axb4 21.axb4 Rxa1 22.Bxa1 Qa8 23.Ng2 b5
24.Ne3 Qa7 25.c5 dxc5 26.Nxf5 c4+ 27.Bd4 Qa4 28.Qxe4  1-0

[Event "Capablanca mem Premier I"]
[Site "Havana"]
[Date "1999.05.08"]
[Round "2"]
[White "Pecorelli Garcia, Humberto"]
[Black "Franco Ocampos, F."]
[Result "1/2-1/2"]
[WhiteElo "2430"]
[BlackElo "2463"]

1.d4 Nf6 2.c4 e6 3.Nf3 b6 4.Nc3 Bb7 5.a3 g6 6.Bg5 Bg7 7.e3 d6 8.Be2 h6 9.Bh4 g5
10.Bg3 Nh5 11.O-O Nd7 12.Nd2 Nxg3 13.fxg3 O-O 14.g4 c5  1/2-1/2

[Event "Capablanca mem Premier I"]
[Site "Havana"]
[Date "1999.05.09"]
[Round "3"]
[White "Vilela, Jose Luis"]
[Black "Rivera, Alberto"]
[Result "1/2-1/2"]
[WhiteElo "2396"]
[BlackElo "2392"]

1.d4 Nf6 2.c4 e6 3.Nf3 b6 4.Nc3 Bb4 5.e3 Bb7 6.Bd3 O-O 7.O-O c5 8.Na4 cxd4
9.exd4 Be7 10.a3 d6 11.b4 Nbd7 12.Re1 Re8 13.Bb2 Rc8 14.Nc3 Bf8 15.Bf1  1/2-1/2

[Event "Zalakaros Kupa 18th"]
[Site "Zalakaros"]
[Date "1999.05.14"]
[Round "3"]
[White "Farago, Ivan"]
[Black "Csonka, Attila"]
[Result "1-0"]
[WhiteElo "2533"]
[BlackElo "2158"]

1.d4 Nf6 2.c4 e6 3.Nf3 b6 4.Nc3 Bb4 5.Qb3 c5 6.Bg5 Bb7 7.e3 d6 8.Bd3 Nbd7
9.O-O Bxc3 10.Qxc3 Qc7 11.Nd2 O-O 12.b4 cxd4 13.Qxd4 a5 14.a3 axb4 15.axb4 Rxa1
16.Rxa1 Ra8 17.Rb1 e5 18.Qb2 Ra7 19.f3 Qc8 20.e4 Qa8 21.Nb3 Ne8 22.Ra1 Rxa1+
23.Qxa1 Qxa1+ 24.Nxa1 f6 25.Be3 Kf7 26.Nc2 Ke7 27.Kf2 Nc7 28.Ke2 Ne6 29.Kd2 Kd8
30.Na3 Bc6 31.Nb1 Kc7 32.Nc3 Nef8 33.Kc2 Ng6 34.Kb3 Nf4 35.Bf1 Ne6 36.Nd5+ Bxd5
37.cxd5 Nf4 38.g3 Ng6 39.Bh3 Ngf8 40.Ka4 Nb8 41.Kb5 Nfd7 42.Be6 Kb7 43.g4 h6
44.Bf2 Kc7 45.h4 Kb7 46.Be3 Kc7 47.Bf7 Kb7 48.Be8 Kc7 49.Bxd7 Nxd7 50.Ka6 Nb8+
51.Ka7 b5 52.Bb6+ Kc8 53.Bd8  1-0

[Event "Beersheba-Peterburg Kings m"]
[Site "St Petersburg"]
[Date "1999.06.07"]
[Round "3"]
[White "Mikhalevski, Victor"]
[Black "Yemelin, Vasily"]
[Result "0-1"]
[WhiteElo "2531"]
[BlackElo "2550"]

1.d4 Nf6 2.c4 e6 3.Nf3 b6 4.Nc3 Bb4 5.Bg5 Bb7 6.e3 Bxc3+ 7.bxc3 d6 8.Nd2 Qe7
9.f3 e5 10.e4 Nc6 11.d5 Nb8 12.c5 dxc5 13.Bb5+ c6 14.dxc6 Bxc6 15.Bxc6+ Nxc6
16.Nc4 O-O 17.Ne3 Qe6 18.Qa4 Ne8 19.Rd1 f6 20.Bh4 Na5 21.O-O Nc7 22.Rd7 b5
23.Qd1 Rf7 24.Rd6 Qe8 25.Qd2 Nb7 26.Nf5 Nxd6 27.Qxd6 Qe6 28.Qxc5 Qb6 29.Qxb6 axb6
30.Rd1 Ne6 31.Rd6 Nf4 32.Rxb6 Rxa2 33.Rb8+ Rf8 34.Ne7+ Kf7 35.Rb7 Rfa8  0-1

[Event "Budapest FS06 IM"]
[Site "Budapest"]
[Date "1999.06.11"]
[Round "7"]
[White "Khechumyan, Gagik"]
[Black "Vadasz, Laszlo"]
[Result "1-0"]
[WhiteElo "2372"]
[BlackElo "2287"]

1.d4 Nf6 2.Nf3 e6 3.c4 b6 4.Nc3 Bb4 5.Qb3 c5 6.a3 Ba5 7.Bf4 cxd4 8.Nxd4 d6
9.Nb5 e5 10.O-O-O O-O 11.Bxe5 Ng4 12.Bg3 Na6 13.Nxd6 Be6 14.e4 Qf6 15.Qc2 Bxc3
16.Qxc3 Qxc3+ 17.bxc3 Nc5 18.Be2 Nh6 19.Bf4 f5 20.Bxh6 gxh6 21.exf5 Bxf5
22.Bf3 Rad8 23.Nxf5 Rxd1+ 24.Rxd1 Rxf5 25.Rd6 Kg7 26.Kd2 Rf4 27.Rc6  1-0

[Event "NOR-ch"]
[Site "Gausdal"]
[Date "1999.07.03"]
[Round "1"]
[White "Christenson, Flemming"]
[Black "Johannessen, Leif Erlend"]
[Result "0-1"]
[WhiteElo "2223"]
[BlackElo "2356"]

1.d4 e6 2.c4 Nf6 3.Nf3 b6 4.Nc3 Bb4 5.Qc2 Bb7 6.a3 Bxc3+ 7.Qxc3 Ne4 8.Qc2 O-O
9.e3 f5 10.Bd3 d6 11.b4 Nd7 12.Bb2 a5 13.O-O Kh8 14.Rad1 Qe7 15.Nd2 Nxd2
16.Rxd2 axb4 17.axb4 Qg5 18.f4 Qe7 19.e4 fxe4 20.Bxe4 Bxe4 21.Qxe4 Nf6 22.Qc6 d5
23.c5 Ne4 24.Re2 Rab8 25.f5 bxc5 26.bxc5 Rf6 27.Bc1 Qf7 28.Bf4 e5  0-1

[Event "Komercni Banka op"]
[Site "Pardubice"]
[Date "1999.07.20"]
[Round "5"]
[White "Neverov, Valeriy"]
[Black "Anka, Emil"]
[Result "1-0"]
[WhiteElo "2549"]
[BlackElo "2487"]

1.d4 Nf6 2.c4 e6 3.Nf3 b6 4.Nc3 Bb7 5.a3 Ne4 6.Nxe4 Bxe4 7.Bf4 d6 8.e3 Nd7
9.Be2 Be7 10.O-O a5 11.Bd3 Bxd3 12.Qxd3 g5 13.Bg3 h5 14.h3 f5 15.d5 Nc5 16.Qc2 O-O
17.Nd4 Bf6 18.dxe6 Bxd4 19.exd4 Nxe6 20.d5 Nc5 21.f3 Qf6 22.Rad1 Rae8 23.Bf2 f4
24.b4 axb4 25.axb4 Nd7 26.Bd4 Ne5 27.Qc3 Qf5 28.Rde1 g4 29.fxg4 hxg4 30.Bxe5 dxe5
31.hxg4 Qxg4 32.Re4 Rf5 33.c5 Rg5 34.Qf3 Qd7 35.Rd1 bxc5 36.bxc5 Qf5 37.Rd3 Rb8
38.d6 cxd6 39.cxd6 Rb1+ 40.Kf2 Qc8 41.d7 Qd8 42.Rd6 Rg3 43.Qh5 Rb2+ 44.Re2 Rxe2+
45.Kxe2 Rxg2+ 46.Kf1  1-0

[Event "Dutch Open"]
[Site "Dieren"]
[Date "1999.07.26"]
[Round "7"]
[White "Hoeksema, Hendrik Pieter"]
[Black "Barsov, Alexei"]
[Result "1/2-1/2"]
[WhiteElo "2404"]
[BlackElo "2539"]

1.d4 Nf6 2.c4 e6 3.Nf3 b6 4.Nc3 Bb4 5.Bd2 O-O 6.a3 Bxc3 7.Bxc3 Ne4 8.Rc1 a5
9.g3 Bb7 10.Bg2 a4 11.d5 Nxc3 12.Rxc3 Ra5 13.O-O exd5 14.Ne1 c6 15.cxd5 cxd5
16.Nc2 Na6 17.Qd2 Qa8 18.Ne3 Bc6 19.Rd1 Nc7 20.Rd3 Re8 21.Nxd5 Nxd5  1/2-1/2

[Event "Aceimar op 6th"]
[Site "Mondariz Balneario"]
[Date "1999.07.31"]
[Round "5"]
[White "Hernandez, Roman"]
[Black "Giorgadze, Giorgi"]
[Result "0-1"]
[WhiteElo "2425"]
[BlackElo "2602"]

1.c4 Nf6 2.Nf3 e6 3.d4 b6 4.Nc3 Bb4 5.e3 Bb7 6.Bd3 Ne4 7.O-O f5 8.d5 Bxc3
9.bxc3 Nc5 10.e4 fxe4 11.Bg5 Qc8 12.Bc2 O-O 13.Nd2 exd5 14.Be7 dxc4 15.Bxc5 bxc5
16.Nxe4 d6 17.Ng5 h6 18.Qh5 Rf6 19.Rae1 Nd7 20.Nh7 Rf4 21.Bf5 Qd8 22.Re3 Nf6
23.Qg6 Rxf5 24.Qxf5 Nxh7 25.Rfe1 Qf8 26.Qe6+ Kh8 27.Qg6 Nf6 28.Re7 Be4  0-1

[Event "Aceimar op 6th"]
[Site "Mondariz Balneario"]
[Date "1999.08.04"]
[Round "9"]
[White "Hernandez, Roman"]
[Black "Rodriguez Lopez, Rafael"]
[Result "1-0"]
[WhiteElo "2425"]
[BlackElo "2326"]

1.d4 Nf6 2.c4 e6 3.Nf3 b6 4.Nc3 Bb4 5.e3 Ne4 6.Qc2 Bb7 7.Bd3 f5 8.O-O Bxc3
9.bxc3 O-O 10.Ne1 Qe7 11.f3 Nf6 12.Qe2 Nc6 13.Nc2 Rae8 14.Rb1 d6 15.Bd2 Nd7
16.g3 Kh8 17.Rf2 Nd8 18.Rbf1 Nf7 19.Rg2 Ng5 20.h4 Ne4 21.Be1 Nef6 22.Bd2 c5
23.e4 fxe4 24.fxe4 h6 25.g4 Nh7 26.Rxf8+ Rxf8 27.g5 hxg5 28.hxg5 g6 29.Ne1 Rf7
30.Nf3 Nhf8 31.Nh2 Rh7 32.Ng4 Rh5 33.Rh2 e5 34.d5 Nh7 35.Rxh5 gxh5 36.Nh6 Qe8
37.Qf2 Ndf8 38.Be2 Bc8 39.Nf7+ Kg8 40.Bxh5 Qe7 41.g6 Nf6 42.Qh4  1-0

[Event "Lost Boys op"]
[Site "Antwerp"]
[Date "1999.08.07"]
[Round "8"]
[White "Golod, Vitali"]
[Black "Winants, Luc"]
[Result "1-0"]
[WhiteElo "2568"]
[BlackElo "2514"]

1.Nf3 Nf6 2.d4 e6 3.c4 b6 4.Nc3 Bb7 5.a3 g6 6.Qc2 Bxf3 7.exf3 Bg7 8.Be3 O-O
9.O-O-O d5 10.g4 dxc4 11.Bxc4 c6 12.h4 b5 13.Bd3 b4 14.axb4 a5 15.b5 cxb5
16.h5 Nc6 17.hxg6 fxg6 18.Bxg6 hxg6 19.g5 b4 20.gxf6 Qxf6 21.Ne4 Qxf3 22.Ng5 Qf5
23.Qxf5 exf5 24.Ne6 Rfc8 25.Kb1 Bf6 26.d5 a4 27.dxc6 Rxc6 28.Nf4 a3 29.Nd5 axb2
30.Nxf6+ Rxf6 31.Kxb2 Rff8 32.Rd6 f4 33.Bd4  1-0

[Event "Budapest FS08 GM"]
[Site "Budapest"]
[Date "1999.08.08"]
[Round "2"]
[White "Lukacs, Peter"]
[Black "Vadasz, Laszlo"]
[Result "1/2-1/2"]
[WhiteElo "2475"]
[BlackElo "2275"]

1.d4 Nf6 2.c4 e6 3.Nf3 b6 4.Nc3 Bb4 5.Bg5 Bb7 6.e3 O-O 7.Bd3 Bxc3+ 8.bxc3 d6
9.O-O Nbd7 10.Nd2 h6 11.Bh4 e5 12.Qc2 Qe8 13.f3 c5 14.d5 g6 15.Rae1 Kg7 16.h3 Ng8
17.f4 Ndf6 18.Re2 exf4 19.exf4 Qd7 20.a4 Rfe8 21.Ref2 Re3 22.Kh2 Rae8 23.Nf3 Ne4
24.Re2 Rxe2 25.Bxe2 f5  1/2-1/2

[Event "Baunatal op 5th"]
[Site "Baunatal"]
[Date "1999.08.12"]
[Round "1"]
[White "Mikoleizig, Egenhard"]
[Black "Dallmann, Volker"]
[Result "1-0"]
[WhiteElo "2220"]
[BlackElo "1755"]

1.c4 e6 2.d4 Nf6 3.Nf3 b6 4.Nc3 Bb7 5.e3 Be7 6.Bd3 d5 7.O-O O-O 8.Bd2 Nbd7
9.Rc1 c5 10.cxd5 Nxd5 11.Nxd5 Bxd5 12.Bc3 Nf6 13.Nd2 Rc8 14.Qe2 Bb7 15.dxc5 Bxc5
16.Rfd1 Qd5 17.Nf3 Qh5 18.e4 Ng4 19.Be1 Bd6 20.h3 Ne5 21.Bc3 Nxf3+ 22.Qxf3 Qxf3
23.gxf3 Bf4 24.Rb1 Rfd8 25.Be2 f6 26.Kf1 Kf7 27.Ke1 Ke7 28.Bd3 a5 29.Bb5 Rc5
30.Rxd8 Kxd8 31.Rd1+ Kc7 32.Ba4 Bc8 33.Rd3 Rh5 34.Bd4 b5 35.Rc3+ Kd7 36.Bb3 Ba6
37.Bxe6+ Kd6 38.Bd5 Kd7 39.Be6+ Kd6 40.Bg4 Rh6 41.Bc5+  1-0

[Event "AZ Sanace Cup"]
[Site "Olomouc"]
[Date "1999.08.14"]
[Round "8"]
[White "Franic, Milan"]
[Black "Kalod, Radek"]
[Result "1/2-1/2"]
[WhiteElo "2422"]
[BlackElo "2440"]

1.d4 Nf6 2.c4 e6 3.Nf3 b6 4.Nc3 Bb7 5.Bg5 Be7 6.e3 h6 7.Bh4 O-O 8.Bd3 d5
9.O-O Nbd7 10.Rc1 c5 11.Qe2 cxd4 12.exd4 Re8 13.Rfd1 a6 14.Ne5 dxc4 15.Bxc4 Nd5
16.Bg3 N7f6 17.Bd3 b5 18.Bb1 Qb6 19.f3 Rac8 20.Bf2 Nxc3 21.bxc3 Bd5 22.c4 bxc4
23.Nxc4 Qa7 24.Ne3 Kf8 25.Qd2 a5 26.Qd3 Qb7 27.Nxd5 Nxd5 28.g3 Bf6 29.Qa3+ Qb4
30.Qxb4+ axb4 31.Kf1 Red8 32.Rxc8 Rxc8 33.Be4 Nc3 34.Rd2 Rc7 35.Bd3 g6 36.Ke1 h5
37.Kf1 Bg5 38.Rb2 Be7 39.Bc2 Nd5 40.Ke2 Kg7 41.Be1 g5 42.h3 h4 43.Bb3 hxg3
44.Bxg3 Nc3+ 45.Ke3 Rc8 46.Rg2 Nd5+ 47.Ke2 Kh6 48.Bxd5 exd5 49.f4 Rc4 50.fxg5+ Bxg5
51.Be1 Rxd4 52.Rg4 Rxg4 53.hxg4 Be7 54.Bd2+ Kg6 55.Kd3 Bc5 56.Kc2 Kf6 57.Bf4 Ke6
58.Bg3 Bd6 59.Be1 Bf8 60.Kb3 Ke5 61.Bxb4 Bxb4 62.Kxb4 d4 63.a4 Kf4 64.a5 d3
65.Kc3 Ke3 66.a6 d2 67.a7 d1=Q 68.a8=Q Qf3 69.Qc8 Kf4+ 70.Kb2 Qe2+ 71.Kc1 Qf1+
72.Kc2 Qf2+ 73.Kc1 Kg3 74.Qd7 Qf4+ 75.Kc2 Kh4 76.Kd3 Qf3+ 77.Kd2 Kg5 78.Ke1 Qe3+
79.Kd1 Qf2 80.Kc1 Qe1+ 81.Kc2 Qe2+ 82.Kc1 Qe6 83.Qxe6 fxe6 84.Kd2 Kxg4 85.Ke3 Kf5
86.Kf3 e5 87.Ke3 e4 88.Ke2 Kf4 89.Kf2 e3+ 90.Ke2 Ke4 91.Ke1 Kd4 92.Ke2 Ke4
93.Ke1 Kf3 94.Kf1 e2+  1/2-1/2

[Event "London MSO Masters"]
[Site "London"]
[Date "1999.08.24"]
[Round "4"]
[White "Sichilima, Cephas"]
[Black "Crouch, Colin S"]
[Result "0-1"]
[WhiteElo "2200"]
[BlackElo "2423"]

1.d4 Nf6 2.c4 e6 3.Nf3 b6 4.Nc3 Bb7 5.Bg5 Bb4 6.a3 Bxc3+ 7.bxc3 h6 8.Bh4 d6
9.e3 g5 10.Bg3 Ne4 11.Bd3 h5 12.Qc2 f5 13.h4 g4 14.Ng5 Nxg5 15.hxg5 Bxg2
16.Rh2 Bf3 17.d5 Qxg5 18.Bh4 Qg6 19.dxe6 Rf8 20.e7 Rf7 21.c5 dxc5 22.Qa4+ Nd7
23.Bb5 c6 24.Bc4 Rh7 25.Rd1 Bxd1 26.Qxd1 Rxe7 27.Bxe7 Kxe7 28.Be2 Ne5 29.Qa4 a5
30.Qf4 Kf6 31.e4 Qg5 32.Qxg5+ Kxg5 33.exf5 Rf8 34.Kd2 Rxf5 35.Ke3 Nf3  0-1

[Event "London MSO Masters"]
[Site "London"]
[Date "1999.08.27"]
[Round "7"]
[White "Abdulla, Al Rakib"]
[Black "Chandler, Murray G"]
[Result "0-1"]
[WhiteElo "2367"]
[BlackElo "2505"]

1.d4 Nf6 2.Nf3 e6 3.c4 b6 4.Nc3 Bb4 5.Qb3 c5 6.Bg5 Bb7 7.dxc5 Bxc5 8.e3 h6
9.Bh4 O-O 10.Be2 Be7 11.O-O Na6 12.Rfd1 Nc5 13.Qc2 Nfe4 14.Bxe7 Qxe7 15.Nxe4 Nxe4
16.Rd4 f5 17.Rad1 d6 18.Ne1 Rad8 19.Bf3 Kh8 20.b4 e5 21.R4d3 Qf7 22.Be2 Rc8
23.Ra3 a6 24.f3 d5 25.fxe4 fxe4 26.h3 d4 27.Kh1 d3 28.Nxd3 exd3 29.Bxd3 Qh5
30.e4 Qh4 31.Kg1 Rf6 32.Rf1 Rcf8 33.c5 Qg3 34.Rxf6 Rxf6 35.Qd2 Bc8 36.Rc3 Rf3
37.Bxa6 Rxc3 38.Bxc8 Rd3 39.Qe2 bxc5 40.bxc5 Rc3 41.Qd2 Rd3 42.Qc2 Qe1+ 43.Kh2 Rc3
44.Qb2 Qg3+ 45.Kg1 Qe3+  0-1

[Event "Abu Dhabi Masters op"]
[Site "Abu Dhabi"]
[Date "1999.08.28"]
[Round "7"]
[White "Roeder, Mathias"]
[Black "Lodhi, Mahmood"]
[Result "1-0"]
[WhiteElo "2426"]
[BlackElo "2431"]

1.d4 Nf6 2.c4 e6 3.Nf3 b6 4.Nc3 Bb4 5.Bg5 Bb7 6.e3 h6 7.Bh4 Bxc3+ 8.bxc3 d6
9.Nd2 Nbd7 10.f3 Qe7 11.Qa4 O-O 12.Be2 e5 13.e4 c5 14.O-O cxd4 15.cxd4 exd4
16.Qd1 Ne5 17.Nb3 d3 18.Bxd3 Ba6 19.Nd4 Bxc4 20.Nf5 Qe6 21.Bxc4 Nxc4 22.Qd4 Ne5
23.Qxd6 Rad8 24.Ne7+ Kh7 25.Qxe6 fxe6 26.Bg3 Rf7 27.Bxe5 Rxe7 28.Rfd1 Rxd1+
29.Rxd1 Rd7 30.Rc1 Kg6 31.a4 Rb7 32.Rc6 Kf7 33.Kf2 Nd7 34.Bd4 Nb8 35.Rc1 Na6
36.Ke3 Nb8 37.g4 a6 38.Kd3 b5 39.a5 b4 40.Kc2 b3+ 41.Kb2 Nd7 42.Rc6 Rb4 43.Bc3 Rb5
44.Rxa6 Nc5 45.Ra7+ Ke8 46.Ka3 g5 47.a6 b2 48.Bxb2 Ra5+ 49.Kb4 Rxa6 50.Rxa6 Nxa6+
51.Kb5 Nb8 52.Bg7 Kf7 53.Bxh6 Nd7 54.Bxg5 Ne5 55.Bf4 Nxf3 56.e5 Nh4 57.Kc5 Ng2
58.Bd2 Nh4 59.Kd6 Nf3 60.Bf4 Nh4 61.Bg3 Ng2 62.Bf2 Nf4 63.h4 Nd3 64.Be3 Nb4
65.h5 Nd5 66.Bd2 Nb6 67.Kc6 Nd5 68.g5 Ne7+ 69.Kd7 Nf5 70.g6+ Kg7 71.Bf4 Kg8
72.Kxe6 Nd4+ 73.Kd7  1-0

[Event "ISL-ch"]
[Site "Reykjavik"]
[Date "1999.09.02"]
[Round "3"]
[White "Gretarsson, Helgi Ass"]
[Black "Bjarnason, Saevar"]
[Result "1-0"]
[WhiteElo "2521"]
[BlackElo "2309"]

1.d4 Nf6 2.c4 e6 3.Nf3 b6 4.Nc3 Bb4 5.Qb3 a5 6.g3 Ne4 7.Bg2 Bb7 8.O-O Qc8
9.Nxe4 Bxe4 10.c5 Bd5 11.Qc2 a4 12.cxb6 Na6 13.bxc7 Nxc7 14.e4 Bb7 15.Bd2 Bxd2
16.Nxd2 Nb5 17.Qd3 Ba6 18.Rfc1 Qb8 19.e5 Ra7 20.Ne4 O-O 21.Nc5 Bc8 22.Rc4 a3
23.Rb4  1-0

[Event "CRO-chT"]
[Site "Pula"]
[Date "1999.09.10"]
[Round "2"]
[White "Covic, Darko"]
[Black "Martic, Zlatko"]
[Result "1-0"]
[WhiteElo "2365"]
[BlackElo "2302"]

1.d4 Nf6 2.Nf3 e6 3.c4 b6 4.Nc3 Bb7 5.e3 Bb4 6.Bd2 Bxc3 7.Bxc3 Ne4 8.Nd2 Nxc3
9.bxc3 O-O 10.e4 d6 11.Bd3 c5 12.d5 Qf6 13.Qc2 Nd7 14.O-O Ne5 15.f4 Nxd3
16.Qxd3 e5 17.f5 Bc8 18.Rf3 Bd7 19.Nf1 Rfb8 20.a4 a6 21.Ne3 Ra7 22.Rh3 Rab7
23.Qe2 b5 24.axb5 axb5 25.Qh5 h6 26.Rg3 Kf8 27.cxb5 Rxb5 28.h4 Qd8 29.Ng4 f6
30.Qg6 Rb1+ 31.Rxb1 Rxb1+ 32.Kh2 Qe8 33.Nxf6  1-0

[Event "CRO-chT"]
[Site "Pula"]
[Date "1999.09.14"]
[Round "5"]
[White "Horvath, Csaba"]
[Black "Brumen, Dinko"]
[Result "1/2-1/2"]
[WhiteElo "2509"]
[BlackElo "2360"]

1.d4 Nf6 2.c4 e6 3.Nf3 b6 4.Nc3 Bb7 5.a3 d5 6.Bg5 Be7 7.Qa4+ c6 8.Bxf6 Bxf6
9.cxd5 exd5 10.g3 O-O 11.Rd1 Nd7 12.Bh3 b5 13.Qc2 a5 14.O-O Re8 15.e3 Nb6
16.Rfe1 Bc8 17.Bxc8 Qxc8 18.a4 Be7 19.Rc1 Bb4 20.axb5 cxb5 21.Red1 Bxc3 22.Qxc3 Qxc3
23.Rxc3 Na4 24.Rc2 b4 25.Nd2 Reb8 26.Ra1 Nb6 27.Rc5 a4 28.Rb5 Nd7 29.Rxd5 Nf6
30.Rc5 g6 31.Kf1 a3 32.bxa3 Rxa3 33.Rxa3 bxa3 34.Ra5 Rb2 35.Nc4 Ne4 36.f3 Rxh2
37.Kg1 Re2 38.Rxa3  1/2-1/2

[Event "Artek olJ"]
[Site "Artek"]
[Date "1999.09.15"]
[Round "5"]
[White "Jianu, Vlad"]
[Black "Baltag, Iulian"]
[Result "1/2-1/2"]
[WhiteElo "2194"]
[BlackElo "2218"]

1.d4 Nf6 2.c4 e6 3.Nf3 b6 4.Nc3 Bb7 5.Bg5 h6 6.Bh4 Bb4 7.e3 Be7 8.Bd3 d5
9.Qa4+ Bc6 10.Qc2 dxc4 11.Bxc4 Nbd7 12.O-O-O a6 13.Ne5 Nxe5 14.dxe5 Nd7 15.Bxe7 Qxe7
16.f4 Bb7 17.Rd4 O-O-O 18.Rhd1 Nb8 19.Ne4 Rxd4 20.exd4 Bxe4 21.Qxe4 b5 22.Bb3 c6
23.Kb1 g6 24.g4 Qh4 25.Qg2 Rd8 26.Bc2 Kb7 27.h3 Rd7 28.Qf3 Qd8 29.Qe4 a5
30.a4 Qb6 31.axb5 Qxb5 32.f5 gxf5 33.gxf5 Na6 34.fxe6 fxe6 35.Qg6 Qc4 36.Qd3 Qxd3
37.Bxd3 Nb4 38.Bc4 c5 39.Bxe6 Rxd4 40.Rxd4 cxd4 41.Bc4 Kc6 42.Kc1 Kc5 43.e6 Nc6
44.Bb3 Kd6 45.Kd2 Ne5 46.Ke2 Ke7  1/2-1/2

[Event "Artek olJ"]
[Site "Artek"]
[Date "1999.09.15"]
[Round "5"]
[White "Raceanu, Valentin"]
[Black "Botezatu, Gheorghe"]
[Result "1/2-1/2"]
[WhiteElo "2293"]
[BlackElo "2149"]

1.d4 Nf6 2.c4 e6 3.Nf3 b6 4.Nc3 Bb4 5.Qb3 c5 6.Bg5 Nc6 7.d5 Na5 8.Qc2 h6
9.Bh4 d6 10.e4 e5 11.Bd3 Bxc3+ 12.Qxc3 O-O 13.O-O g5 14.Bg3 Nh5 15.Nd2 Nf4
16.f3 h5 17.Bf2 f5 18.exf5 Bxf5 19.Ne4 Bxe4 20.fxe4 Qd7 21.Be3 Qg4 22.Qd2 Rf7
23.Rf3 h4 24.h3 Qd7 25.Be2 Raf8 26.Rf2 Nxe2+ 27.Qxe2 Rxf2 28.Bxf2 Rf4 29.b3 Qh7
30.Re1 Nb7 31.Qd3 Nd8 32.Re2 Nf7 33.Be1 Qg6 34.Bd2 Rf6 35.Rf2 Rxf2 36.Kxf2  1/2-1/2

[Event "CRO-chT"]
[Site "Pula"]
[Date "1999.09.18"]
[Round "9"]
[White "Maksimenko, Andrei"]
[Black "Bistric, Faruk"]
[Result "1/2-1/2"]
[WhiteElo "2515"]
[BlackElo "2466"]

1.d4 Nf6 2.Nf3 e6 3.c4 b6 4.Nc3 Bb7 5.a3 Ne4 6.Nxe4 Bxe4 7.Nd2 Bb7 8.e4 d6
9.Be2 e5 10.d5 Be7 11.b4 a5 12.Bb2 Nd7 13.O-O O-O 14.Qc2 c6 15.dxc6 Bxc6
16.Rfd1 Ra7 17.c5 bxc5 18.b5 Bb7 19.Nc4 Qc7 20.Nxd6 Bxd6 21.Qd2 Bxe4 22.Qxd6 Qb7
23.f3 Bc2 24.Rd2 Bb3 25.Rc1 Re8 26.Qc6 Rc8 27.Qxb7 Rxb7 28.Bd3 Be6 29.a4 Nb6
30.Be4 Rd7 31.Rxd7 Bxd7 32.Bxe5 Nxa4 33.Bb7 Re8 34.Bc7 Bxb5 35.Bxa5 h6 36.Be4 Re6
37.Bc2 Ra6 38.Bxa4 Bxa4 39.Rxc5 Re6 40.Rc1 Re2 41.Be1 Bc6 42.Bc3 g5 43.Re1 Rc2
44.Re3 g4 45.Be5 h5 46.Bg3 Kg7 47.Ra3 Re2 48.Ra5 Kg6 49.Be5 gxf3 50.gxf3 Bxf3
51.Bd4  1/2-1/2

[Event "SLO-ch"]
[Site "Kranj"]
[Date "1999.10.03"]
[Round "2"]
[White "Steiner, Darko"]
[Black "Saradjen, Janko"]
[Result "1/2-1/2"]
[WhiteElo "2266"]
[BlackElo "2207"]

1.d4 Nf6 2.c4 e6 3.Nf3 b6 4.Nc3 Bb4 5.Qc2 Bb7 6.a3 Bxc3+ 7.Qxc3 Ne4 8.Qc2 O-O
9.e3 c5 10.Bd3 f5 11.O-O d6 12.Nd2 Nxd2 13.Bxd2 Nd7 14.Bc3 Qg5 15.f4 Qe7
16.e4 cxd4 17.Bxd4 e5 18.Bc3 Nc5 19.fxe5 Nxe4 20.Bxe4 Bxe4  1/2-1/2

[Event "Budapest FS10 IM"]
[Site "Budapest"]
[Date "1999.10.09"]
[Round "8"]
[White "Szeberenyi, Adam"]
[Black "Vadasz, Laszlo"]
[Result "1-0"]
[WhiteElo "2357"]
[BlackElo "2275"]

1.d4 Nf6 2.c4 e6 3.Nf3 b6 4.Nc3 Bb4 5.Qb3 Bxc3+ 6.Qxc3 Bb7 7.g3 O-O 8.Bg2 d6
9.O-O Nbd7 10.b3 Be4 11.Bb2 Qc8 12.Nd2 Bxg2 13.Kxg2 Qb7+ 14.f3 d5 15.cxd5 exd5
16.Rae1 Rfe8 17.e4 dxe4 18.fxe4 Nxe4 19.Nxe4 Rxe4 20.d5 Nf6 21.Rxe4  1-0

[Event "Budapest FS10 IM"]
[Site "Budapest"]
[Date "1999.10.11"]
[Round "10"]
[White "Szeberenyi, Adam"]
[Black "Eperjesi, Laszlo"]
[Result "0-1"]
[WhiteElo "2357"]
[BlackElo "2381"]

1.d4 Nf6 2.c4 e6 3.Nf3 b6 4.Nc3 Bb4 5.Qb3 a5 6.Bg5 Bb7 7.e3 h6 8.Bh4 Be7
9.d5 Na6 10.Rd1 Nxd5 11.cxd5 Bxh4 12.Bb5 Nc5 13.Qc4 Bf6 14.dxe6 fxe6 15.Bxd7+ Nxd7
16.Nb5 O-O 17.Nxc7 Rc8 18.Qxe6+ Rf7 19.Nb5 Qe7 20.Qb3 Nc5 21.Qc4 Bxf3 22.gxf3 Be5
23.Rg1 Kh8 24.Rg6 Rf6 25.Qg4 Rcf8 26.Nd4 Bxd4 27.Rxd4 Rxf3 28.Rdd6 R3f6 29.Rgxf6 Rxf6
30.Rd4 Kh7 31.Qc8 Rf8 32.Qc6 Qf7 33.Qg2 Qxa2  0-1

[Event "Aars get2net Cup GM"]
[Site "Aars"]
[Date "1999.10.16"]
[Round "1"]
[White "Pedersen, Steffen"]
[Black "Dydyshko, Viacheslav"]
[Result "1/2-1/2"]
[WhiteElo "2427"]
[BlackElo "2521"]

1.d4 Nf6 2.Nf3 e6 3.c4 b6 4.Nc3 Bb7 5.a3 g6 6.Qc2 Bxf3 7.gxf3 Nc6 8.e3 Bg7
9.Bd2 O-O 10.O-O-O Ne7 11.Be2 d5 12.f4 c6 13.Kb1 Qd7 14.Rc1 Rab8 15.Bd3 c5
16.cxd5 exd5 17.Bb5 Qe6 18.Rce1 Nf5 19.Bd3 Nd6 20.f3 Rfe8 21.h4 Qd7 22.Reg1 Nc4
23.Bxc4 dxc4 24.dxc5 bxc5 25.h5 Nd5 26.hxg6 hxg6 27.e4 Nxc3+  1/2-1/2

[Event "Wichern op 5th"]
[Site "Hamburg"]
[Date "1999.10.16"]
[Round "2"]
[White "Groeppel, Peter"]
[Black "Richter, Michael"]
[Result "0-1"]
[WhiteElo "2157"]
[BlackElo "2410"]

1.d4 Nf6 2.c4 e6 3.Nf3 b6 4.Nc3 Bb4 5.Qc2 Bb7 6.Bg5 h6 7.Bh4 g5 8.Bg3 Ne4
9.e3 Bxc3+ 10.bxc3 d6 11.c5 bxc5 12.Bb5+ Nd7 13.Rb1 Nxg3 14.hxg3 Ke7 15.e4 Rb8
16.O-O c6 17.Bd3 Qa5 18.e5 d5 19.Nd2 Ba6 20.Rxb8 Rxb8 21.f4 cxd4 22.cxd4 Bxd3
23.Qxd3 Rb2 24.Rf2 gxf4 25.gxf4 Rxa2 26.f5 Qa3 27.Qe2 exf5 28.Kh2 Qc3  0-1

[Event "Chigorin mem"]
[Site "St Petersburg"]
[Date "1999.11.03"]
[Round "2"]
[White "Sultangareev, Marat"]
[Black "Yemelin, Vasily"]
[Result "1/2-1/2"]
[WhiteElo "2339"]
[BlackElo "2500"]

1.d4 Nf6 2.c4 e6 3.Nf3 b6 4.Nc3 Bb4 5.Bg5 Bb7 6.e3 Bxc3+ 7.bxc3 d6 8.Bd3 Nbd7
9.O-O Qe7 10.Bh4 h6 11.a4 a5 12.Nd2 g5 13.Bg3 O-O-O 14.f3 Nh5 15.Be4 Bxe4
16.fxe4 Nxg3 17.hxg3 e5 18.Qb3 g4 19.c5 dxc5 20.Rxf7 Qg5 21.Nc4 Rhf8 22.Raf1 Rxf7
23.Rxf7 Qg6 24.Rf5 exd4 25.cxd4 cxd4 26.exd4 Rf8 27.Qb5 Rxf5 28.exf5 Qf6
29.Ne5 Nxe5 30.dxe5 Qxf5 31.Qe8+ Kb7 32.e6 Qe5 33.Qd7 Qxg3 34.e7 Qe1+ 35.Kh2 Qe5+
36.g3 Qe2+  1/2-1/2

[Event "Chigorin mem"]
[Site "St Petersburg"]
[Date "1999.11.05"]
[Round "4"]
[White "Neverov, Valeriy"]
[Black "Shishkov, Andrei"]
[Result "1-0"]
[WhiteElo "2549"]
[BlackElo "2303"]

1.d4 Nf6 2.c4 e6 3.Nf3 b6 4.Nc3 Bb4 5.Bg5 h6 6.Bh4 Bb7 7.Nd2 Bxc3 8.bxc3 g5
9.Bg3 d6 10.f3 Nbd7 11.e4 Qe7 12.Bd3 Nh5 13.Bf2 Nf4 14.Bf1 h5 15.g3 Ng6 16.Bd3 h4
17.Rg1 hxg3 18.hxg3 O-O-O 19.Qa4 Kb8 20.O-O-O Rh2 21.Rdf1 Rdh8 22.Qd1 e5
23.Rh1 f6 24.Qe1 Qh7 25.Rxh2 Qxh2 26.Rg1 Qh5 27.Be2 Ngf8 28.Kb2 exd4 29.cxd4 c5
30.d5 Qh6 31.Nf1 Ne5 32.Ne3 Bc8 33.Kb3 Nfg6 34.Qf1 Qh2 35.Be1 Bh3 36.Qf2 Qxf2
37.Bxf2 Bd7 38.Be1 a6 39.a4 Rh2 40.Rg2 Rh1 41.Bc3 Rh3 42.Bd2 Nf7 43.Nd1 f5
44.Nf2 Rh8 45.exf5 Bxf5 46.g4 Bd7 47.Ne4 Rh3 48.Nxg5 Nxg5 49.Bxg5 Ne5 50.Bf4 Nxf3
51.Bxd6+ Kc8 52.Kb2 Nd4 53.g5 Nxe2 54.g6 Rh8 55.Rxe2 Rg8 56.Rg2 Bxa4 57.g7 b5
58.Be5 Kd7 59.Rf2 Ke8 60.Kc3 bxc4  1-0

[Event "SLO-chT"]
[Site "Bled"]
[Date "1999.11.08"]
[Round "1"]
[White "Kastelic, Marjan"]
[Black "Brglez, Rado"]
[Result "1-0"]
[WhiteElo "2364"]
[BlackElo "2328"]

1.d4 Nf6 2.c4 e6 3.Nf3 b6 4.Nc3 Bb7 5.Bg5 h6 6.Bxf6 Qxf6 7.e4 Bb4 8.Bd3 Nc6
9.a3 Bxc3+ 10.bxc3 d6 11.O-O O-O 12.Re1 e5 13.Bf1 Rad8 14.Ra2 Rfe8 15.Rae2 Na5
16.Re3 c5 17.d5 Rf8 18.Nd2 Ba6 19.Rg3 Rb8 20.Ree3 g6 21.Ref3 Qg7 22.h4 Bc8
23.Be2 Bd7 24.Nf1 a6 25.Ne3 b5 26.cxb5 axb5 27.Nf5 Bxf5 28.exf5 Rfe8 29.fxg6 fxg6
30.Rf5 c4 31.Rh5 Nb3 32.Bg4 Nc5 33.Bf5 Nd3 34.Bxd3  1-0

[Event "ch-ESP (team) Div 2"]
[Site "Cala Galdana ESP"]
[Date "1999.11.10"]
[Round "3"]
[White "Tejero Garces,J"]
[Black "Martinez Penalver,J"]
[Result "0-1"]
[WhiteElo "2327"]
[BlackElo "2199"]

1.d4 Nf6 2.c4 e6 3.Nc3 b6 4.Nf3 d6 5.e4 Nbd7 6.e5 dxe5 7.dxe5 Ng4 8.Bg5 Be7
9.Bxe7 Qxe7 10.Qd4 Nh6 11.Qe4 Rb8 12.Be2 Bb7 13.Qf4 Bxf3 14.Bxf3 Qc5 15.O-O Nxe5
16.Be2 Ng6 17.Qf3 O-O 18.Rfd1 Nf5 19.Ne4 Qe5 20.Nc3 Nd4 21.Qd3 c5 22.Bf1 Nf4
23.Qe3 Qf5 24.Rac1 Rbd8 25.Ne2 Nfxe2+ 26.Bxe2 e5 27.Bd3 Qh5 28.Qe4 Rde8 29.Re1 f5
30.Qe3 f4 31.Qe4 f3 32.g3 Kh8 33.h4 Rf4 34.gxf4 Qg4+  0-1